[Event "M.Chigorin Memorial 2017 "]
[Site "?????-?????????"]
[Date "2017.10.27"]
[Round "7"]
[Board "128"]
[White "Divya, Deshmukh"]
[Black "Novitckii, Andrei"]
[Result "1-0"]
[WhiteElo "2051"]
[BlackElo "1688"]
[PlyCount "59"]
[EventDate "2017.10.21"]
[EventRounds "9"]
[EventCountry "RUS"]

1. e4 c5 2. Nf3 e6 3. d4 cxd4 4. Nxd4 a6 5. Bd3 Qc7 6. O-O Nf6 7. Qe2 d6 8. c4
Nbd7 9. Nc3 Ne5 10. f4 Nxd3 11. Qxd3 Be7 12. f5 O-O 13. Kh1 Bd7 14. b3 Rab8 15.
Bg5 Qc5 16. Rac1 Qa5 17. Bd2 Qc7 18. Qg3 Kh8 19. Bg5 Rfd8 20. Qh4 Bc8 21. Rf3
Ng8 22. f6 Bxf6 23. Bxf6 Nxf6 24. Rxf6 gxf6 25. Qxf6+ Kg8 26. Nf5 exf5 27. Nd5
Qd7 28. Ne7+ Kf8 29. Nxf5 Qc7 30. Qh8#  1-0

[Event "M.Chigorin Memorial 2017 "]
[Site "?????-?????????"]
[Date "2017.10.27"]
[Round "7"]
[Board "129"]
[White "Ponomarev, Denis"]
[Black "Zabolotnov, Evgeny"]
[Result "1-0"]
[WhiteElo "1811"]
[BlackElo "2049"]
[PlyCount "119"]
[EventDate "2017.10.21"]
[EventRounds "9"]
[EventCountry "RUS"]

1. e4 c6 2. d4 d5 3. Nc3 dxe4 4. Nxe4 Bf5 5. Ng3 Bg6 6. h4 h6 7. Nf3 Nd7 8. h5
Bh7 9. Bd3 Bxd3 10. Qxd3 e6 11. Bf4 Qa5+ 12. Bd2 Bb4 13. c3 Be7 14. c4 Qc7 15.
O-O-O Ngf6 16. Kb1 O-O 17. Ne4 b5 18. Nxf6+ Nxf6 19. Ne5 c5 20. cxb5 cxd4 21.
Nc6 Bc5 22. g4 Nxg4 23. Rdg1 f5 24. Qc4 Qd6 25. f3 Ne5 26. Nxe5 Qxe5 27. Bxh6
Rf7 28. Bc1 Kh7 29. Rg6 Re8 30. Rhg1 d3 31. Rd1 Rd7 32. b4 d2 33. Rxd2 Rxd2 34.
Bxd2 Bd4 35. Rg2 Ba1 36. Bc1 Bc3 37. Rc2 Bd4 38. Re2 Qf6 39. f4 e5 40. Qc6 Re6
41. Qc4 e4 42. Rg2 Rd6 43. Qc7 Bb6 44. Rxg7+ Qxg7 45. Qxd6 Bd4 46. h6 Qf6 47.
Qxf6 Bxf6 48. Be3 Bc3 49. a3 Kxh6 50. Kc2 Be1 51. Bxa7 Kh5 52. Be3 Bh4 53. b6
Bd8 54. a4 Kg4 55. a5 Kf3 56. b7 Bc7 57. a6 Kxe3 58. a7 Kf2 59. a8=Q e3 60. Kd3
 1-0

[Event "M.Chigorin Memorial 2017 "]
[Site "?????-?????????"]
[Date "2017.10.27"]
[Round "7"]
[Board "130"]
[White "Thrish, Karthik"]
[Black "Gorbatenko, Alexander"]
[Result "0-1"]
[WhiteElo "1843"]
[BlackElo "2042"]
[PlyCount "144"]
[EventDate "2017.10.21"]
[EventRounds "9"]
[EventCountry "RUS"]

1. e4 c5 2. c4 Nc6 3. Nc3 g6 4. d3 Bg7 5. g3 d6 6. Bg2 e6 7. Nge2 Nge7 8. O-O
O-O 9. Be3 Nd4 10. Bxd4 cxd4 11. Nb1 Bd7 12. Nd2 Bc6 13. b4 b5 14. cxb5 Bxb5
15. Qb3 Qd7 16. a4 Bc6 17. b5 Bb7 18. Nc4 Rab8 19. Qa3 Rfd8 20. Rfc1 d5 21. Na5
Ba8 22. Nb3 dxe4 23. Nc5 Qd6 24. Bxe4 Nd5 25. Na6 Qxa3 26. Rxa3 Rbc8 27. Raa1
Nc3 28. Nxc3 dxc3 29. Bxa8 Rxa8 30. Nb4 Bf8 31. Nc6 Rxd3 32. Rc2 Bg7 33. a5 Rd6
34. Kf1 a6 35. Nb4 axb5 36. a6 Ra7 37. Ra5 Rb6 38. Ra1 Bf8 39. Rb1 Bxb4 40.
Rxb4 Raxa6 41. Rxc3 Ra4 42. Rxa4 bxa4 43. Rc8+ Kg7 44. Ra8 Rb4 45. Ke2 g5 46.
h3 h5 47. Ra5 Kg6 48. Ra6 h4 49. gxh4 Rxh4 50. Kf1 Rxh3 51. Rxa4 Kf5 52. Kg2
Rb3 53. Ra7 f6 54. Ra5+ e5 55. Ra4 e4 56. Ra6 Ke5 57. Rc6 f5 58. Rc5+ Kf4 59.
Ra5 Rb2 60. Ra3 Kg4 61. Rg3+ Kf4 62. Ra3 g4 63. Kg1 Rd2 64. Kg2 Rd3 65. Ra5 g3
66. fxg3+ Rxg3+ 67. Kf2 Rb3 68. Rc5 Rb2+ 69. Kf1 Kg4 70. Re5 Kf4 71. Rc5 e3 72.
Ra5 Ke4  0-1

[Event "M.Chigorin Memorial 2017 "]
[Site "?????-?????????"]
[Date "2017.10.27"]
[Round "7"]
[Board "131"]
[White "Ismagilov, Igor"]
[Black "Kiseleva, Arina"]
[Result "1-0"]
[WhiteElo "1720"]
[BlackElo "2038"]
[PlyCount "85"]
[EventDate "2017.10.21"]
[EventRounds "9"]
[EventCountry "RUS"]

1. d4 Nf6 2. Nf3 c5 3. c3 b6 4. Bg5 Bb7 5. e3 Ne4 6. Bh4 d6 7. Bc4 Nd7 8. Qb3
d5 9. Bxd5 Bxd5 10. Qxd5 Nef6 11. Qb3 h6 12. O-O g5 13. Bg3 Ne4 14. Ne5 Nxe5
15. dxe5 Nxg3 16. hxg3 Qd7 17. Rd1 Qc6 18. Na3 Bg7 19. Rd5 O-O 20. Qc4 a6 21.
Rad1 Kh8 22. Qg4 Rg8 23. Qd7 Qxd7 24. Rxd7 Rge8 25. f4 f6 26. e6 gxf4 27. gxf4
f5 28. R1d5 Bf6 29. Rxf5 Rg8 30. e4 Rg4 31. e5 Bh4 32. Nc4 Kh7 33. Rf7+ Kg6 34.
Ne3 Rg3 35. Nf5 Rg4 36. Nxh4+ Rxh4 37. Rdxe7 Kh5 38. g3 Rg4 39. Rg7 b5 40. Ref7
Rxg7 41. Rxg7 b4 42. Kh2 bxc3 43. Kh3  1-0

[Event "M.Chigorin Memorial 2017 "]
[Site "?????-?????????"]
[Date "2017.10.27"]
[Round "7"]
[Board "132"]
[White "Golovkina, Anastasia"]
[Black "Terzyan, Nazar"]
[Result "1-0"]
[WhiteElo "2035"]
[BlackElo "1717"]
[PlyCount "61"]
[EventDate "2017.10.21"]
[EventRounds "9"]
[EventCountry "RUS"]

1. e4 c5 2. Nf3 Nc6 3. d4 cxd4 4. Nxd4 g6 5. Nc3 Bg7 6. Be3 Nf6 7. Bc4 Na5 8.
Bb3 d6 9. f3 O-O 10. Qd2 a6 11. O-O-O Nxb3+ 12. Nxb3 a5 13. g4 a4 14. Nd4 a3
15. b3 Bd7 16. Nde2 Qa5 17. Bd4 Rfc8 18. g5 Nh5 19. Nd5 Qd8 20. Nb6 Bxd4 21.
Qxd4 e5 22. Qe3 Qc7 23. Nxc8 Rxc8 24. Rd2 Bb5 25. c4 Bc6 26. Kb1 Qe7 27. Rhd1
b5 28. Rc1 Rb8 29. Qd3 bxc4 30. Qxc4 Qb7 31. Qxc6  1-0

[Event "M.Chigorin Memorial 2017 "]
[Site "?????-?????????"]
[Date "2017.10.27"]
[Round "7"]
[Board "133"]
[White "Moskaleva, Arina"]
[Black "Nikitinyh, Boris"]
[Result "1/2-1/2"]
[WhiteElo "1536"]
[BlackElo "2027"]
[PlyCount "97"]
[EventDate "2017.10.21"]
[EventRounds "9"]
[EventCountry "RUS"]

1. e4 c6 2. d4 d5 3. exd5 cxd5 4. c4 Nf6 5. Nf3 Nc6 6. Nc3 Bg4 7. cxd5 Nxd5 8.
Qb3 Bxf3 9. gxf3 e6 10. Qxb7 Nxd4 11. Bb5+ Nxb5 12. Qc6+ Ke7 13. Qxb5 Nxc3 14.
bxc3 Qd5 15. Rb1 Qxb5 16. Rxb5 a6 17. Rb7+ Kf6 18. Rg1 Bd6 19. h3 h6 20. Bb2
Rhb8 21. Rb3 g6 22. Rg4 Ke7 23. Ba3 Rb5 24. Rc4 Rxb3 25. Bxd6+ Kxd6 26. axb3
Rb8 27. b4 Rb5 28. Rc8 a5 29. Rd8+ Ke7 30. Rd4 axb4 31. cxb4 e5 32. Re4 f5 33.
Rc4 Kd6 34. Ke2 Rb8 35. Ke3 Ra8 36. b5 Ra3+ 37. Ke2 Kd5 38. Rc6 e4 39. fxe4+
Kxe4 40. Rxg6 Rxh3 41. b6 Rb3 42. Rxh6 Rb2+ 43. Kf1 f4 44. Kg2 Rb1 45. Re6+ Kf5
46. Rc6 Kg4 47. Rg6+ Kf5 48. Rc6 Kg4 49. Rg6+  1/2-1/2

[Event "M.Chigorin Memorial 2017 "]
[Site "?????-?????????"]
[Date "2017.10.27"]
[Round "7"]
[Board "134"]
[White "Ivanov, Sergei V."]
[Black "Bulsoev, Alexander"]
[Result "1-0"]
[WhiteElo "2103"]
[BlackElo "1853"]
[PlyCount "51"]
[EventDate "2017.10.21"]
[EventRounds "9"]
[EventCountry "RUS"]

1. e4 Nf6 2. e5 Nd5 3. d4 d6 4. c4 Nb6 5. exd6 exd6 6. Nc3 Be7 7. Bd3 Nc6 8.
Nge2 Bg4 9. Be3 Bf6 10. Qd2 Bh5 11. Nf4 Bg6 12. Nxg6 hxg6 13. Be2 Qe7 14. b3
Kf8 15. O-O g5 16. Rfe1 g6 17. Bf3 Kg7 18. Ne4 g4 19. Bxg4 Kg8 20. Nxf6+ Qxf6
21. Rad1 Qh4 22. h3 f6 23. Bf4 g5 24. Bg3 Qh7 25. c5 Nd5 26. Be6+  1-0

[Event "M.Chigorin Memorial 2017 "]
[Site "?????-?????????"]
[Date "2017.10.27"]
[Round "7"]
[Board "135"]
[White "Yurasova, Daria"]
[Black "Petrochenko, Maria"]
[Result "0-1"]
[WhiteElo "1849"]
[BlackElo "2093"]
[PlyCount "128"]
[EventDate "2017.10.21"]
[EventRounds "9"]
[EventCountry "RUS"]

1. d4 d5 2. c4 c6 3. Nc3 Nf6 4. e3 e6 5. b3 Nbd7 6. Nf3 Bb4 7. Bd2 O-O 8. Bd3
Qe7 9. O-O e5 10. dxe5 Nxe5 11. Nxe5 Qxe5 12. Nxd5 Nxd5 13. cxd5 Bd6 14. f4
Qxd5 15. Qc2 h6 16. Rad1 Qc5 17. Qxc5 Bxc5 18. Kh1 Bg4 19. Rc1 Ba3 20. Rc2 Rad8
21. Be4 Rfe8 22. h3 Bd7 23. Rc4 c5 24. Bd5 Bb5 25. e4 Bxc4 26. bxc4 Rd6 27. Bc3
Rb6 28. Rf3 Rb1+ 29. Kh2 Bb2 30. Bd2 Bd4 31. a3 Re7 32. Be3 Bxe3 33. Rxe3 a6
34. e5 b5 35. f5 Rc1 36. f6 gxf6 37. Rg3+ Kf8 38. exf6 Re5 39. Rg7 Rxd5 40.
cxd5 Rf1 41. Rh7 Rxf6 42. Rh8+ Ke7 43. Rc8 c4 44. Ra8 Rb6 45. Kg3 Kd6 46. Kf4
Kxd5 47. Ke3 Rc6 48. Kd2 Rg6 49. g4 Rf6 50. Ke3 Re6+ 51. Kd2 Kd4 52. Rd8+ Ke4
53. Rd7 Rf6 54. Ke2 c3 55. Kd1 Rf2 56. Kc1 a5 57. Rd6 b4 58. axb4 axb4 59. Rxh6
b3 60. Rd6 Rf1+ 61. Rd1 Rxd1+ 62. Kxd1 Kd3 63. Kc1 c2 64. g5 Kc3  0-1

[Event "M.Chigorin Memorial 2017 "]
[Site "?????-?????????"]
[Date "2017.10.27"]
[Round "7"]
[Board "136"]
[White "Babazada, Khazar"]
[Black "Kozlov, Mikhail"]
[Result "1-0"]
[WhiteElo "2090"]
[BlackElo "1813"]
[PlyCount "53"]
[EventDate "2017.10.21"]
[EventRounds "9"]
[EventCountry "RUS"]

1. Nf3 d6 2. d4 Nf6 3. g3 g6 4. Bg2 Bg7 5. O-O O-O 6. b3 c5 7. Bb2 Nbd7 8. c4
Rb8 9. Nbd2 cxd4 10. Nxd4 Ne5 11. Nb1 a6 12. Nc3 Qc7 13. Rc1 Bh6 14. e3 Bg4 15.
Qd2 Qd7 16. Nd5 Nxd5 17. cxd5 Bh3 18. Ne2 Bxg2 19. Kxg2 Rfc8 20. h3 Qf5 21.
Bxe5 Qxe5 22. Qd4 Bg7 23. Qxe5 Bxe5 24. Kf3 Bb2 25. Rc4 Rc5 26. Rb1 Ba3 27. Ra4
 1-0

[Event "M.Chigorin Memorial 2017 "]
[Site "?????-?????????"]
[Date "2017.10.27"]
[Round "7"]
[Board "137"]
[White "Emanuel, Yahav"]
[Black "Vasilenko, Ekaterina"]
[Result "1-0"]
[WhiteElo "2088"]
[BlackElo "1806"]
[PlyCount "55"]
[EventDate "2017.10.21"]
[EventRounds "9"]
[EventCountry "RUS"]

1. e4 e6 2. d4 d5 3. Nc3 Bb4 4. Qd3 Nc6 5. a3 Ba5 6. e5 Nge7 7. Nf3 a6 8. b4
Bb6 9. h4 Nf5 10. Ne2 h5 11. g3 Bd7 12. Bh3 Nce7 13. a4 a5 14. b5 Nh6 15. Bg5
c6 16. Nf4 Nhg8 17. bxc6 bxc6 18. Rb1 c5 19. Nxd5 exd5 20. Bxd7+ Qxd7 21. Rxb6
Qxa4 22. O-O c4 23. Qc3 Nc6 24. Ra1 Qxa1+ 25. Qxa1 Nge7 26. Bxe7 Nxe7 27. Qa4+
Kf8 28. Qa3  1-0

[Event "M.Chigorin Memorial 2017 "]
[Site "?????-?????????"]
[Date "2017.10.27"]
[Round "7"]
[Board "139"]
[White "Shoshin, Kirill"]
[Black "Nikonov, Alexej"]
[Result "1-0"]
[WhiteElo "1831"]
[BlackElo "2052"]
[PlyCount "71"]
[EventDate "2017.10.21"]
[EventRounds "9"]
[EventCountry "RUS"]

1. d4 Nf6 2. c4 e6 3. Nc3 Bb4 4. e3 O-O 5. a3 Bxc3+ 6. bxc3 c5 7. Bd3 Nc6 8.
Ne2 b6 9. O-O Ba6 10. e4 d6 11. Ng3 e5 12. d5 Ne7 13. Bg5 Bc8 14. Bxf6 gxf6 15.
Nh5 Kh8 16. Qf3 Ng6 17. Nxf6 Nf4 18. Nh5 Qg5 19. Nxf4 Bg4 20. Nh3 Qg7 21. Qg3
Rg8 22. f3 Bxh3 23. Qxh3 Qg5 24. f4 exf4 25. Rf3 Rg7 26. Raf1 Rag8 27. R1f2 Qe5
28. Qf5 Qxc3 29. Bf1 Qd4 30. Qxf4 b5 31. cxb5 c4 32. e5 Qc5 33. Rc3 Qxd5 34.
Qxc4 Qxe5 35. Rcf3 d5 36. Qf4  1-0

[Event "M.Chigorin Memorial 2017 "]
[Site "?????-?????????"]
[Date "2017.10.27"]
[Round "7"]
[Board "140"]
[White "Shavykin, Oleg"]
[Black "Shilnikov, Igor S."]
[Result "1-0"]
[WhiteElo "2002"]
[BlackElo "1762"]
[PlyCount "79"]
[EventDate "2017.10.21"]
[EventRounds "9"]
[EventCountry "RUS"]

1. e4 e5 2. Nc3 Nf6 3. f4 d6 4. Bc4 Be7 5. Nf3 O-O 6. d3 c6 7. fxe5 Ng4 8. Bf4
dxe5 9. Bg3 Ne3 10. Qe2 Nxc4 11. dxc4 f6 12. Nd1 Bc5 13. c3 a5 14. b3 Qe7 15.
Ne3 g6 16. O-O Be6 17. Kh1 Nd7 18. Rae1 Rad8 19. h3 Ba7 20. Bh4 Qg7 21. Nh2 Qh6
22. Qf2 Qg7 23. Qf3 Rf7 24. g4 Rdf8 25. Re2 Qh6 26. Be1 Nc5 27. Ng2 Nd7 28. Bd2
Qg7 29. Nh4 g5 30. Nf5 Bxf5 31. gxf5 Rd8 32. Qh5 Bc5 33. h4 h6 34. Ng4 Bf8 35.
Rg1 Nc5 36. hxg5 hxg5 37. Nxf6+ Qxf6 38. Bxg5 Rg7 39. Bxf6 Rxg1+ 40. Kxg1  1-0

[Event "M.Chigorin Memorial 2017 "]
[Site "?????-?????????"]
[Date "2017.10.27"]
[Round "7"]
[Board "141"]
[White "Sergeeva, Natalia"]
[Black "Mustafayev, Nihad"]
[Result "1-0"]
[WhiteElo "1994"]
[BlackElo "1788"]
[PlyCount "95"]
[EventDate "2017.10.21"]
[EventRounds "9"]
[EventCountry "RUS"]

1. e4 c5 2. Nf3 e6 3. d4 cxd4 4. Nxd4 Nf6 5. Nc3 Nc6 6. Ndb5 Bb4 7. a3 Bxc3+ 8.
Nxc3 d5 9. exd5 exd5 10. Bd3 O-O 11. O-O d4 12. Ne2 Bg4 13. f3 Bh5 14. Nf4 Bg6
15. Nxg6 hxg6 16. f4 Ne7 17. Qf3 Qd5 18. Bd2 Nf5 19. b3 Rfe8 20. Rad1 Rad8 21.
h3 Ne3 22. Bxe3 Rxe3 23. Qxd5 Nxd5 24. f5 g5 25. Bc4 b5 26. Rxd4 bxc4 27. bxc4
Rc3 28. Rf2 Rc8 29. cxd5 Rxc2 30. Rxc2 Rxc2 31. d6 Rc8 32. d7 Rd8 33. f6 gxf6
34. g3 Kf8 35. h4 gxh4 36. gxh4 Ke7 37. h5 f5 38. h6 Rg8+ 39. Kf2 Kd8 40. Kf3
Rh8 41. Rd6 f6 42. Rxf6 Kxd7 43. Kf4 Ke7 44. Kxf5 a5 45. a4 Rh7 46. Kg5 Rh8 47.
Rg6 Rh7 48. Ra6  1-0

[Event "M.Chigorin Memorial 2017 "]
[Site "?????-?????????"]
[Date "2017.10.27"]
[Round "7"]
[Board "142"]
[White "Slugin, Yaroslav"]
[Black "Fedorov, Ivan"]
[Result "1-0"]
[WhiteElo "1992"]
[BlackElo "1745"]
[PlyCount "61"]
[EventDate "2017.10.21"]
[EventRounds "9"]
[EventCountry "RUS"]

1. d4 d5 2. Nc3 g6 3. Bf4 Bg7 4. e3 Nh6 5. Bd3 f6 6. Bxh6 Bxh6 7. f4 O-O 8. Qe2
c6 9. Nf3 b5 10. h3 b4 11. Nd1 Qa5 12. O-O Ba6 13. Nf2 Bxd3 14. Nxd3 Nd7 15. a3
bxa3 16. Rxa3 Qb6 17. Rfa1 c5 18. c3 a5 19. b4 cxb4 20. cxb4 a4 21. Rxa4 Rxa4
22. Rxa4 Rc8 23. Nc5 Qc7 24. Qa2 Nb6 25. Ra7 Qd8 26. Qa6 Bf8 27. Rb7 Rc6 28. b5
Rd6 29. Qa7 Qa8 30. Qxa8 Nxa8 31. Nd7  1-0

[Event "M.Chigorin Memorial 2017 "]
[Site "?????-?????????"]
[Date "2017.10.27"]
[Round "7"]
[Board "143"]
[White "Kuznetsov, Mikhail"]
[Black "Patel, Palak"]
[Result "1/2-1/2"]
[WhiteElo "1947"]
[BlackElo "1741"]
[PlyCount "115"]
[EventDate "2017.10.21"]
[EventRounds "9"]
[EventCountry "RUS"]

1. d4 Nf6 2. c4 d5 3. cxd5 Qxd5 4. Nc3 Qa5 5. Bd2 Qb6 6. e3 c6 7. Qc2 Nbd7 8.
Nf3 e6 9. Bd3 Bd6 10. O-O O-O 11. Rac1 e5 12. Ne4 Nxe4 13. Bxe4 h6 14. Bc3 exd4
15. Bxd4 Qa5 16. Rfd1 Ne5 17. Qb3 Nxf3+ 18. Bxf3 Qc7 19. h3 Be5 20. Bc5 Rd8 21.
Rxd8+ Qxd8 22. Qa3 Qf6 23. Be7 Qg6 24. Kf1 Bf5 25. Rd1 Bc7 26. Qb4 Bb6 27. e4
Be6 28. a4 c5 29. Bxc5 Bxc5 30. Qxc5 Bb3 31. Rd6 Bc4+ 32. Ke1 Be6 33. Qd4 Qg5
34. Qd2 Qe7 35. e5 Rc8 36. g4 Bb3 37. Be4 Bxa4 38. f4 Qh4+ 39. Ke2 g6 40. Qe3
Bb5+ 41. Kd2 h5 42. g5 Bf1 43. e6 f6 44. Bxg6 Bxh3 45. Rd3 Bg4 46. Rc3 Rd8+ 47.
Kc2 Qh1 48. Kb3 Qd5+ 49. Ka3 Qa5+ 50. Kb3 Bd1+ 51. Bc2 Qd5+ 52. Ka3 Bxc2 53.
Rxc2 Qa5+ 54. Kb3 Qb5+ 55. Ka2 Qa5+ 56. Kb1 Rd1+ 57. Rc1 Qf5+ 58. Ka1  1/2-1/2

[Event "M.Chigorin Memorial 2017 "]
[Site "?????-?????????"]
[Date "2017.10.27"]
[Round "7"]
[Board "144"]
[White "Vorobyova, Valeriya"]
[Black "Tsarkov, Mikhail"]
[Result "1/2-1/2"]
[WhiteElo "1945"]
[BlackElo "1701"]
[PlyCount "182"]
[EventDate "2017.10.21"]
[EventRounds "9"]
[EventCountry "RUS"]

1. e4 c5 2. Nf3 a6 3. d4 cxd4 4. Nxd4 Nf6 5. Nc3 e5 6. Nf3 Bb4 7. Bd2 d6 8. Bd3
Nbd7 9. O-O Nc5 10. Re1 O-O 11. a3 Bxc3 12. Bxc3 Na4 13. Qd2 Qc7 14. Rad1 Nxc3
15. Qxc3 Qxc3 16. bxc3 Bg4 17. Rb1 Bxf3 18. gxf3 Rab8 19. Rb6 Rfc8 20. Reb1
Rxc3 21. Rxa6 h6 22. Ra7 Nh5 23. Rb6 Nf4 24. Rxd6 Rbc8 25. Kf1 Nxd3 26. cxd3
Rb3 27. Rd7 Rcc3 28. Ra8+ Kh7 29. Rxf7 Rxd3 30. Re8 Rxf3 31. Rxf3 Rxf3 32. Rxe5
Rxa3 33. Rb5 Ra7 34. Kg2 Kg6 35. Rb6+ Kf7 36. Kg3 Kf8 37. f3 Ra5 38. Rxb7 Rg5+
39. Kf4 Rh5 40. Rb2 Kf7 41. Kg4 Rg5+ 42. Kf4 Rh5 43. Kg3 Rg5+ 44. Kf4 Rh5 45.
Ke3 Ra5 46. Rc2 Kf6 47. f4 Ra3+ 48. Kd4 Ra4+ 49. Kd5 Ra5+ 50. Rc5 Ra2 51. Rc6+
Kf7 52. h4 Ra4 53. Rc4 Ra5+ 54. Rc5 Ra6 55. Ke5 Re6+ 56. Kd4 Rd6+ 57. Rd5 Ra6
58. e5 Ra4+ 59. Ke3 Ke6 60. Rd4 Ra1 61. Rd8 Re1+ 62. Kf2 Rh1 63. Kg3 Rg1+ 64.
Kf3 Rh1 65. Kg4 Rg1+ 66. Kf3 Rh1 67. Rd3 Kf5 68. Rd7 Rh3+ 69. Kg2 Rxh4 70. Rf7+
Ke6 71. Rf8 Ke7 72. Kg3 Rh1 73. Ra8 Rg1+ 74. Kf3 Re1 75. Ra6 Kf7 76. Kg4 Rg1+
77. Kf5 g6+ 78. Ke4 Re1+ 79. Kd5 Rd1+ 80. Kc4 Rc1+ 81. Kd3 Rc7 82. Kd4 h5 83.
Kd5 Rd7+ 84. Kc5 Re7 85. Rf6+ Kg7 86. Kd6 Ra7 87. Ke6 Ra6+ 88. Ke7 Ra7+ 89. Kd8
Ra8+ 90. Kc7 Ra7+ 91. Kc8 Ra8+  1/2-1/2

[Event "M.Chigorin Memorial 2017 "]
[Site "?????-?????????"]
[Date "2017.10.27"]
[Round "7"]
[Board "145"]
[White "Andrijashkin, Deniss"]
[Black "Khlopushin, Dmitriy"]
[Result "0-1"]
[WhiteElo "1929"]
[BlackElo "1668"]
[PlyCount "78"]
[EventDate "2017.10.21"]
[EventRounds "9"]
[EventCountry "RUS"]

1. e4 e5 2. Nf3 Nc6 3. Bc4 Nf6 4. d3 Bc5 5. O-O O-O 6. c3 d5 7. exd5 Nxd5 8.
Re1 Be6 9. Ng5 Qf6 10. Ne4 Qe7 11. Nxc5 Qxc5 12. Nd2 Rad8 13. Ne4 Qe7 14. Ng5
Nf4 15. Nxe6 fxe6 16. Bxf4 Rxf4 17. Qe2 Rdf8 18. f3 Kh8 19. b4 a6 20. a4 Qg5
21. Kh1 R8f6 22. b5 Na5 23. bxa6 bxa6 24. Bxa6 Rh6 25. Qb2 Nc6 26. Re2 Qg3 27.
h3 Rf8 28. Qd2 Ne7 29. Qe1 Nf5 30. Rb2 Qg5 31. Kh2 Qf4+ 32. Kg1 Rg6 33. Bb7 Nh4
34. Be4 Rg3 35. Kh1 Qg5 36. Qf1 Qf4 37. a5 Nxg2 38. Rxg2 Rxh3+ 39. Kg1 Qh4  0-1

[Event "M.Chigorin Memorial 2017 "]
[Site "?????-?????????"]
[Date "2017.10.27"]
[Round "7"]
[Board "146"]
[White "Khalikov, Bulat"]
[Black "Murzina, Agata"]
[Result "1-0"]
[WhiteElo "1925"]
[BlackElo "1637"]
[PlyCount "59"]
[EventDate "2017.10.21"]
[EventRounds "9"]
[EventCountry "RUS"]

1. e4 e5 2. Nf3 Nc6 3. Bc4 Nf6 4. d3 Bc5 5. c3 d6 6. O-O Bg4 7. a4 O-O 8. b4
Bxb4 9. cxb4 Nxb4 10. Bg5 h6 11. Bh4 g5 12. Bg3 Bh5 13. Nbd2 Kh7 14. Qb3 a5 15.
Rae1 Qd7 16. d4 exd4 17. Nxd4 Bg6 18. f4 gxf4 19. Bxf4 Nh5 20. Re3 Rg8 21. Ref3
Raf8 22. Be3 Rg7 23. Ne6 fxe6 24. Rxf8 Bf7 25. R1xf7 Rxf7 26. Bxe6 Qxe6 27.
Rxf7+ Qxf7 28. Qxf7+ Kh8 29. Bd4+ Ng7 30. Qxg7#  1-0

[Event "M.Chigorin Memorial 2017 "]
[Site "?????-?????????"]
[Date "2017.10.27"]
[Round "7"]
[Board "147"]
[White "Nuritdinov, Nizomitdin"]
[Black "Khodko, Yurii N."]
[Result "1-0"]
[WhiteElo "1924"]
[BlackElo "1583"]
[PlyCount "221"]
[EventDate "2017.10.21"]
[EventRounds "9"]
[EventCountry "RUS"]

1. d4 Nf6 2. Nf3 g6 3. b3 Bg7 4. Bb2 O-O 5. Nbd2 d6 6. e4 Nbd7 7. c4 c5 8. d5
e5 9. h3 a6 10. Be2 Rb8 11. a4 Nb6 12. Nh2 Na8 13. O-O Bh6 14. Bd3 Nh5 15. Ndf3
Nf4 16. Bc1 f5 17. Bxf4 Bxf4 18. g3 Bh6 19. Kg2 Nc7 20. Nh4 Bd7 21. exf5 gxf5
22. Qh5 Qg5 23. Be2 Be8 24. Qxg5+ Bxg5 25. N4f3 Bf6 26. h4 e4 27. Ng5 Bxa1 28.
Rxa1 Bd7 29. Bh5 Ra8 30. g4 h6 31. Nh3 fxg4 32. Nxg4 Kg7 33. Re1 Be8 34. Bxe8
Raxe8 35. Re3 h5 36. Nh2 Kf6 37. Ng5 Kf5 38. Kh3 Kg6 39. Nxe4 Rd8 40. Nf3 Rf4
41. Nfg5 Rd7 42. f3 Re7 43. Kg3 Rf8 44. Rd3 Ne8 45. Ne6 Rg8 46. N4g5 Kf5 47.
Re3 Kf6 48. Re4 Ng7 49. Rf4+ Ke5 50. Re4+ Kf6 51. Nh7+ Kf7 52. Neg5+ Ke8 53.
Nf6+ Kd8 54. Nxg8 Nf5+ 55. Kf4 Rxe4+ 56. fxe4 Nxh4 57. Ne6+ Kc8 58. Nf6 Ng2+
59. Kg3 Ne1 60. e5 h4+ 61. Kxh4 Nf3+ 62. Kg3 Nxe5 63. Ne4 Kd7 64. Nf4 b6 65.
Kf2 Nf7 66. Ke2 Kc7 67. Kd2 Kd7 68. Kc3 Kc7 69. Ng2 Kd7 70. Ne3 Kc7 71. Nf5 Kd7
72. Kd2 Kc7 73. Ke3 Kd7 74. Kf4 Kc7 75. Kg4 Ne5+ 76. Kg5 Nd3 77. Nd2 Kd7 78.
Kf6 Nc1 79. Kf7 Nd3 80. Ng7 Ne5+ 81. Kf6 Ng4+ 82. Kf5 Nh6+ 83. Kg6 Ng4 84. Ne4
Ne5+ 85. Kf6 Ng4+ 86. Kg5 Ne5 87. Nf5 Nf3+ 88. Kf4 Ne5 89. Nf6+ Kc7 90. Ke4 Nf7
91. Ng7 Kd8 92. Ne6+ Ke7 93. Ng4 Nh8 94. Nc7 a5 95. Na8 Kd8 96. Kf5 Nf7 97. Kf6
Ke8 98. Nxb6 Nd8 99. Ne3 Nb7 100. Ke6 Kd8 101. Nf5 Kc7 102. Na8+ Kb8 103. Nxd6
Kxa8 104. Nxb7 Kxb7 105. Ke7 Kc8 106. d6 Kb7 107. d7 Kb6 108. d8=Q+ Ka6 109.
Kd6 Ka7 110. Kc6 Ka6 111. Qb6#  1-0

[Event "M.Chigorin Memorial 2017 "]
[Site "?????-?????????"]
[Date "2017.10.27"]
[Round "7"]
[Board "148"]
[White "Titievskaya, Elizaveta"]
[Black "Schetchikov, Vladimir"]
[Result "1-0"]
[WhiteElo "1798"]
[BlackElo "1916"]
[PlyCount "85"]
[EventDate "2017.10.21"]
[EventRounds "9"]
[EventCountry "RUS"]

1. e4 c5 2. Nf3 Nc6 3. d4 cxd4 4. Nxd4 Nf6 5. Nc3 e5 6. Ndb5 d6 7. Bg5 a6 8.
Na3 b5 9. Nd5 Be7 10. Bxf6 Bxf6 11. c3 Bg5 12. Nc2 Rb8 13. a3 O-O 14. h4 Bh6
15. g4 f6 16. Rg1 Kh8 17. Qd3 Rf7 18. Qg3 g6 19. g5 fxg5 20. hxg5 Bg7 21. Rh1
Be6 22. Qh4 Qg8 23. Nce3 Rbf8 24. Rh2 Ne7 25. Nxe7 Rxe7 26. Bh3 Rf4 27. Qg3
Rxe4 28. O-O-O d5 29. Bg2 Rxe3 30. fxe3 d4 31. exd4 Qc8 32. d5 Bf5 33. d6 Rd7
34. Bh3 a5 35. Bxf5 gxf5 36. Qh3 Bf8 37. Qxf5 Qe8 38. Rdh1 h6 39. Rxh6+ Bxh6
40. Rxh6+ Kg8 41. Rg6+ Rg7 42. Rxg7+ Kxg7 43. d7  1-0

[Event "M.Chigorin Memorial 2017 "]
[Site "?????-?????????"]
[Date "2017.10.27"]
[Round "7"]
[Board "149"]
[White "Kozyakov, Andrey"]
[Black "Pavlov, Mark"]
[Result "0-1"]
[WhiteElo "1727"]
[BlackElo "1909"]
[PlyCount "104"]
[EventDate "2017.10.21"]
[EventRounds "9"]
[EventCountry "RUS"]

1. e4 e6 2. d4 d5 3. Nc3 Nf6 4. e5 Nfd7 5. f4 c5 6. Nf3 Nc6 7. Be3 Qb6 8. Na4
Qa5+ 9. c3 b6 10. a3 c4 11. b4 cxb3 12. Qxb3 Ba6 13. Nd2 Rc8 14. Kf2 Be7 15.
Nb2 Bxf1 16. Rhxf1 Qa6 17. Rfc1 O-O 18. a4 f6 19. Kg1 fxe5 20. fxe5 Qe2 21. Re1
Qg4 22. Qd1 Qg6 23. Qb1 Rf5 24. Nd3 Rcf8 25. Qb5 Ncb8 26. Rad1 Bg5 27. Nf1
Rxf1+ 28. Rxf1 Bxe3+ 29. Kh1 Rxf1+ 30. Rxf1 h6 31. Rf3 Bd2 32. Qb2 Bg5 33. Qb4
Qe8 34. g3 Be7 35. Qb2 Qh5 36. Kg2 Nf8 37. Nf4 Qe8 38. Qc2 b5 39. axb5 Qxb5 40.
h4 a5 41. Ng6 Qe8 42. Nxe7+ Qxe7 43. Qa4 Qd8 44. Qb5 Nbd7 45. Rf2 Qc7 46. Qd3
a4 47. g4 Qd8 48. Qg3 Qe8 49. g5 hxg5 50. hxg5 Qg6 51. Ra2 Nh7 52. Rxa4 Qc2+
 0-1

[Event "M.Chigorin Memorial 2017 "]
[Site "?????-?????????"]
[Date "2017.10.27"]
[Round "7"]
[Board "150"]
[White "Anisimov, Artem"]
[Black "Shojhet, Sofiy"]
[Result "1-0"]
[WhiteElo "1716"]
[BlackElo "1905"]
[PlyCount "91"]
[EventDate "2017.10.21"]
[EventRounds "9"]
[EventCountry "RUS"]

1. d4 e6 2. c4 f5 3. e4 fxe4 4. Nc3 Nf6 5. Bg5 Bb4 6. f3 exf3 7. Nxf3 Bxc3+ 8.
bxc3 O-O 9. Bd3 Nc6 10. O-O b6 11. Ne5 Na5 12. Ng4 Qe7 13. Qe2 h6 14. Bxf6 Rxf6
15. Nxf6+ gxf6 16. Rf3 f5 17. Rh3 Kg7 18. Re1 Qf6 19. Qf2 Bb7 20. Qf4 d6 21. d5
e5 22. Qxf5 Qxf5 23. Bxf5 Nxc4 24. Be6 Rf8 25. Rh4 Ba6 26. h3 b5 27. Ree4 Bb7
28. Reg4+ Kh7 29. Rg3 Nb6 30. Rhg4 Bxd5 31. Rg7+ Kh8 32. Re7 Nc8 33. Bxc8 Rxc8
34. a3 a5 35. Rg6 e4 36. Rxh6+ Kg8 37. g4 Kf8 38. Rhh7 c6 39. g5 Bg8 40. Rc7
Re8 41. g6 Re6 42. Rc8+ Re8 43. Rxe8+ Kxe8 44. Ra7 Kf8 45. h4 Bc4 46. h5  1-0